ESR spektroskopia monomérov a dimérov komplexných zlúčenín medi v tuhej fáze : Obh. 3.6.1991 /

Salvato in:
Dettagli Bibliografici
Autore principale: Teťáková, Mária (Autore)
Natura: Manoscritto Libro
Lingua:slovacco
Pubblicazione: Bratislava : SVŠT v Bratislave ChtF, 1991
Tags: Aggiungi Tag
Nessun Tag, puoi essere il primo ad aggiungerne!!

MARC

LEADER 00000ntm a22000003a 4500
001 stu17505
005 20150617225755.9
008 910618s1991----cs------------------slo-d
040 |a STU  |b slo 
041 0 |a slo 
044 |a cs 
100 1 |a Teťáková, Mária  |4 aut 
245 1 |a ESR spektroskopia monomérov a dimérov komplexných zlúčenín medi v tuhej fáze :  |b Obh. 3.6.1991 /  |c [aut.]Teťáková,Mária 
260 |a Bratislava :  |b SVŠT v Bratislave ChtF,  |c 1991 
300 |a 47 s :  |b Obr.,tab.,lit 
500 |a Špec.:Fyzikálna chémia 
996 |b CD10611  |c C*D10611  |l CCI  |s A  |a 24  |w stu17505_0001